1563 1302 1303 1724 1370 1667 1293 1960 1913 1296 1981 1563 1568 1578 1311 1033 1172 1273 1940 1546 1724 1830 1459 1079 1439 1669 1439 1585 1567 1958 1873 1752 1326 1521 1022 1575 1281 1765 1195 1110 1219 1054 1010 1665 1802 1455 1614 1720 1231 1205 1308 1000 1186 1329 1609 1015 1218 1487 1709 1807 1775 1184 1468 1327 1145 1953 1313 1043 1719 1881 1812 1156 1966 1259 1795 1184 1327 1957 1273 1494 1818 1873 1400 1631 1287 1446 1407 1128 1245 1046 1454 1609 1600 1576 1850 1291 1516 1799 1079 BCNSPRNW ULIB Ver.6.0+V

เปลี่ยนเป็นภาษาไทย

Change to English
 แสดงรายละเอียดบรรณานุกรม
  กลับหน้าหลัก

Brief Record : Get Marc (ISO 2709) : E-mail record : QR code < ปิดหน้าต่าง
LEADER : 00000nam 2200000uu 4500
001    13399111773
003     ULIB
008    110708s2553||||th 000 0 tha d
020    9746435655
060 04 QZ140^bพ218 ล.3
245 00 พยาธิสรีรวิทยาและเภสัชวิทยาคลินิกสำหรับพยาบาล หน่วยที่ 11-15 =^bPathophysiology and clinical pharmacology for nurse /^cศรีนวล สถิตวิทยานันท์ ... [และคนอื่นๆ]
246 31 Pathophysiology and clinical pharmacology for nurse
250    พิมพ์ครั้งที่ 13
260    [นนทบุรี] :^bสาขาวิชาพยาบาลศาสตร์มหาวิทยาลัยสุโขทัยธรรมาธิราช,^c2553
300    3 ล. :^bภาพประกอบ ;^c30 ซม.
500    "เอกสารการสอนชุดวิชา 51103 หน่วยที่ 11-15"--หน้าปกใน
650  4 พยาธิวิทยา
650  4 พยาบาล
650  4 เภสัชวิทยาคลินิก
650  4 สรีรวิทยา
700 0  พิสมัย ประทุมทาน
710 2  มหาวิทยาลัยสุโขทัยธรรมาธิราช. ^bสาขาวิชาพยาบาลศาสตร์
945    ^p0^l0^i18292
945    ^p0^l0^i18293
945    ^p0^l0^i18291
995    กัณชพร
999 ^a ใช้งานได้ทุกระบบ
รายการนี้ยังไม่มีแท็ก
คุณยังไม่ได้ล็อกอิน คุณสามารถมีกิจกรรมร่วมกับเว็บไซต์ได้ แต่ต้องล็อกอินก่อน ::
  ล็อกอิน

รายการสื่อสารสนเทศ

ลำดับที่ ประเภท เลขเรียก/บาร์โค้ด สถานที่ สถานะ
- ไม่พบข้อมูล -

รายการใกล้เคียง
    หัวเรื่อง [พยาธิวิทยา]
    หัวเรื่อง [พยาบาล]
    หัวเรื่อง [เภสัชวิทยาคลินิก]
    หัวเรื่อง [สรีรวิทยา]

BibComment


ยังไม่เคยถูกคอมเมนท์

คอมเมนท์ทรัพยากรรายการนี้
  คอมเมนท์: พยาธิสรีรวิทยาและ..


 Copyright 2026. Bcnsprnw @Library